000 00760nam a22002297a 4500
999 _c5712
_d5712
003 AR-CdUCM
008 190313b ||||| |||| 00| 0 eng d
040 _aMUNICIPALIDAD PROVINCIAL DEL CUSCO
_cBIBLIOTECA MUNICIPAL DEL CUSCO
082 _a808.83 /
_bQ8
100 _aQuiroga, Horacio
_917014
245 _aCuentos de amor, de locura y de muerte /
260 _aLima :
_bJuan Mejía Baca & P. L. Villanueva, Editores,
300 _a155 páginas ;
_c16 cm.
440 _aEdiciones populares ;
_99677
500 _aDonación familia Nieto
505 _aContenido: Ficha de lectura.
650 _aPlan lector
_94631
650 _abiografía del autor
_917015
650 _aIdentificación literal
_917016
942 _2ddc
_cLIBROS
945 _aacv
_d2019-05-07